00453nam a2200157 a 450000500170000000800410001702000180005805000250007610000180010124500610011926000460018030000290022652100080025565000130026370000190027620140310183305.0050802s19uu xx 00 eng d a981-254-488-7 aQH 308.2b.St72 2004 aStarr, Cecie. aBiology:bthe unity and diversity of life.cCecie Starr. aAustralia :bThomson Brooks/ Cole,c2004. a933 p. :bill. ;c26 cm. aNUR aBiology. aTaggart, Ralph